| 000 | 004290000a22001570004500 | ||
|---|---|---|---|
| 090 |
_aAR _b02030 |
||
| 245 | 1 | 0 | _aNumerical methods of phylogeny inference |
| 650 | 1 | 4 |
_aFilogenética _94310 |
| 650 | 1 | 4 |
_aTaxonomía _992343 |
| 650 | 1 | 4 |
_aMétodos de investigación _992859 |
| 650 | 1 | 4 |
_aSistemática _93510 |
| 041 | 0 | _aInglés | |
| 100 | 1 |
_aHoffman, Forrest M. _992960 |
|
| 942 | _cARTICULO | ||
| 773 | 1 |
_tPreprint _33 _q274-321 _d1990? |
|
| 999 |
_c11107 _d11107 |
||